000 01894cam a22004574i 4500
003 PE-LiUPU
005 20250731165411.0
008 151022s1996 pe grm 000 0 spa d
035 _a(Sirsi) a155041
040 _aPE-LiUPU
_bspa
_cPE-LiUPU
_erda
099 _aTEF 2
_bQ73 1996
100 1 _aQuispe Pampa, Ruth Maritza
_eautor
245 1 _aFactores socioeconómicos y la tuberculosis pulmonar. Centro de Salud Morón. Lima. 1995 /
_cRuth Maritza Quispe Pampa.
264 0 _c1996.
300 _a74 hojas
_c30 cm
336 _atext
_2rdacontent
337 _aunmediated
_2rdamedia
338 _avolume
_2rdacarrier
502 _aTesis
_b(Lic.) --
_cUniversidad Peruana Unión,
_d1996.
504 _aIncluye referencias
520 3 _aLa Tuberculosis en América Latina, constituye un problema que ha rebasado el concepto básico de la salud pública, para convertirse, en un problema de prioritaria atención social. Este terrible mal, según Remington y Hollingworth, se esta incrementando en todo el mundo (MEDLINE 1995: AN: 95299361). En nuestro país se ha tornado en una enfermedad severa: ocupa el cuarto lugar de afección en relación con otras enfermedades trasmisibles. La tuberculosis pulmonar ataca con mayor frecuencia a personas de economía deficiente y de clase social baja.
526 _aSEG44
526 _aSEG26
526 _aP151
526 _aP150
526 _aP149
526 _aP146
526 _aP145
526 _aP126
526 _aP125
526 _aP92
526 _aP75
526 _aP74
526 _aP27
526 _aP15
650 0 4 _aTuberculosis
_xAspectos sociales.
650 0 4 _aTuberculosis
_xAspectos económicos.
596 _a1
942 _2ddc
_cTESIS
999 _aTEF 2 Q73 1996
_wALPHANUM
_c7732
_iT00325
_lCCODEBUL3
_mBUL
_r1
_sY
_tTESIS
_u2015-10-22
_xSALUD
_PP22
_o.STAFF. Tesis
_d7732
980 _81
_gALBERTO SANCHEZ Responsable de Automatización